[Event "EM/OL14/GP2/BD3"]
[Site "?"]
[Date "2000.??.??"]
[Round "?"]
[White "Fitzpatrick Simon P"]
[Black "Cruzado Duenas Carlos"]
[Result "1/2-1/2"]
[WhiteElo "2370"]
[BlackElo "2460"]
[PlyCount "56"]
[EventDate "2000.??.??"]
[Source "www.chesslib.no"]
[SourceDate "2004.05.04"]

1. d4 Nf6 2. c4 g6 3. Nc3 Bg7 4. e4 d6 5. Be2 O-O 6. Bg5 c5 7. d5 e6 8. Nf3 exd5 9. exd5 Re8 10. Qd2 Bg4 11. O-O Nbd7 12. h3 Bxf3 13. Bxf3 a6 14. Rae1 Rxe1 15. Rxe1 Qf8 16. b3 Ne5 17. Bd1 Re8 18. f4 Ned7 19. Kh2 Rxe1 20. Qxe1 Qe8 21. Qd2 Ne4 22. Nxe4 Qxe4 23. Bf3 Qe8 24. Qe2 Qxe2 25. Bxe2 f6 26. Bh4 Bh6 27. Bg3 f5 28. Kg1 Nf6 1/2-1/2